000 00256nam a2200109Ia 4500
008 220204s9999 xx 000 0 und d
082 _a82-3
_bBOD
245 4 _aThe Portable Thoreau
260 _aEngland
_bpenguin
_c1975
700 _aBode, Carl
942 _cBK
999 _c33054
_d33054